Greatest British Writers Since 1945 - Statistics

General Stats
  • This quiz has been taken 80 times
  • The average score is 7 of 50
Answer Stats
Answer % Correct
J.K. Rowling
80%
George Orwell
52%
J.R.R. Tolkien
39%
Ian McEwan
38%
Kingsley Amis
34%
Martin Amis
34%
Roald Dahl
34%
Salman Rushdie
33%
C.S. Lewis
25%
Iris Murdoch
20%
Ian Fleming
18%
William Golding
18%
Iain Banks
16%
Philip Larkin
16%
Doris Lessing
15%
George Mackay Brown
15%
Julian Barnes
15%
Kazuo Ishiguro
15%
Philip Pullman
15%
Ted Hughes
15%
Anthony Burgess
13%
John le Carre
13%
Angela Carter
8%
A.S. Byatt
8%
John Fowles
8%
V.S. Naipaul
8%
A.J.P. Taylor
7%
Alasdair Grey
7%
J.G. Ballard
7%
Muriel Spark
7%
Anthony Powell
5%
Penelope Fitzgerald
5%
Alan Garner
3%
Alan Sillitoe
3%
Jan Morris
3%
Alice Oswald
2%
Anita Brookner
2%
Barbara Pym
2%
Benjamin Zephaniah
2%
Beryl Bainbridge
2%
Bruce Chatwin
2%
Colin Thubron
2%
Geoffrey Hill
2%
Isaiah Berlin
2%
Mervyn Peake
2%
Michael Moorcock
2%
Rosemary Sutcliff
2%
Derek Walcott
0%
Hanif Kureishi
0%
Philippa Pearce
0%
No matching quizzes found
Score Distribution
Percent of People with Each Score
Percentile by Number Answered
Your Score History
You have not taken this quiz